İstanbul'un doğusunda (Record no. 3722)
[ view plain ]
| 000 -BAŞLIK | |
|---|---|
| Sabit Uzunlukta Kontrol Alanı | 00917na a2200289 4500 |
| 001 - KONTROL NUMARASI | |
| Denetim Alanı | 14545 |
| 003 - KONTROL NUMARASI IDENTIFIER | |
| Denetim Alanı | MIRAKIL |
| 005 - SON İŞLEM TARİHİ VE ZAMANI | |
| Denetim Alanı | 20181213154941.0 |
| 008 - SABİT-BOY VERİ ELEMANLARI - GENEL BİLGİLER | |
| Sabit Uzunlukta Kontrol Alanı | 161025b tu 000 0 |
| 020 ## - ULUSLARARASI STANDART KİTAP NUMARASI | |
| Uluslararası Standart Kitap Numarası | 9757238139 |
| 035 ## - SİSTEM KONTROL NUMARASI | |
| Sistem Kontrol Numarası | 14545 |
| 040 ## - KATALOGLAMA KAYNAK | |
| Orijinal Kataloglama Ajansı | Milas |
| Kataloglama Dili | tur |
| Metne Dönüştürmek Ajansı | TR-AnCHP |
| 041 ## - DİL KODU | |
| Metin / Ses Parça Veya Ayrı Başlığın Dil Kodu | tur |
| 082 ## - DEWEY ONLU SINIFLANDIRMA NUMARASI | |
| Sınıflandırma Numarası | 327.109561 |
| Ürün Numarası | H66i 1995 |
| 090 ## - SINIFLAMA NUMARASI | |
| Sınıflama Numarası | 327.109561 H66i 1995 |
| 100 ## - ANA GİRİŞ - KİŞİSEL İSİM | |
| Kişisel Ad | Hopkirk, Peter |
| 245 ## - BAŞLIK TABLOSU | |
| Başlık | İstanbul'un doğusunda |
| Başlığın Kalan | bitmeyen oyun |
| Sorumluluk Tablosu, Vb | Peter Hopkirk ; çeviren Mehmet Harmancı |
| 246 ## - UNVAN FORM VARYING | |
| Başlık Doğru / Kısa Başlığı | bitmeyen oyun |
| 260 ## - YAYIN, DAĞITIM, VB | |
| Yayın, Dağıtım, Vb Yeri | İstanbul |
| Yayıncı, Dağıtıcı, Vs Adı | Gençlik Yayınları |
| Yayın, Dağıtım, Vb Tarihi | 1995 |
| 300 ## - FİZİKSEL TANIM | |
| Kapsam | 228 s. |
| Diğer Fiziksel Ayrıntıları | hrt. |
| Boyutlar | 25 sm. |
| 500 ## - GENEL NOT | |
| Genel Not | Eserin sondan 32 sayfası eksiktir. |
| 500 ## - GENEL NOT | |
| Genel Not | Eserin Özgün Adı: On Secret Service East of Constantinople |
| 651 ## - KONU KATMA GİRİŞ - COĞRAFİ ADI | |
| Coğrafi İsim | Orta Doğu |
| Genel Alt Bölümü | Uluslararası ilişkiler |
| Coğrafi Alt Bölümü | Osmanlı Devleti |
| 651 ## - KONU KATMA GİRİŞ - COĞRAFİ ADI | |
| Coğrafi İsim | Türkiye |
| Genel Alt Bölümü | Dış politika |
| Coğrafi Alt Bölümü | İngiltere |
| 700 ## - KATMA GİRİŞ - KİŞİSEL İSİM | |
| Kişisel Ad | Harmancı, Mehmet |
| 942 ## - EKLENDİ GİRİŞ ELEMANLARI (KOHA) | |
| Sınıflandırma Veya Raf Düzeni Kaynak | |
| Koha Öğesi Türü | Books |
| 999 ## - SİSTEM KONTROL NUMARALARI (KOHA) | |
| Koha Biblionumber | 3722 |
| Koha Biblioitemnumber | 3722 |
| Kalıcı Konum | Mevcut Konum | Edinme Tarihi | Edinim Kaynak | Toplam Check-Out'Lar | Tam Çağrı Numarası | Barkod | Tarih Son Görülme | İtibaren Geçerli Fiyatlar | Koha Öğesi Türü |
|---|---|---|---|---|---|---|---|---|---|
| CHP Kütüphanesi | CHP Kütüphanesi | 08/29/2016 | Bağış | 327.109561 H66i 1995 | 001426 | 08/29/2016 | 08/29/2016 | Books |
